<?xml version="1.0" encoding="UTF-8"?>
<record
    xmlns:xsi="http://www.w3.org/2001/XMLSchema-instance"
    xsi:schemaLocation="http://www.loc.gov/MARC21/slim http://www.loc.gov/standards/marcxml/schema/MARC21slim.xsd"
    xmlns="http://www.loc.gov/MARC21/slim">

  <leader>00573nam a22001577a 4500</leader>
  <controlfield tag="003">OSt</controlfield>
  <controlfield tag="005">20151002145455.0</controlfield>
  <controlfield tag="008">151002b        xxu||||| |||| 00| 0 eng d</controlfield>
  <datafield tag="040" ind1=" " ind2=" ">
    <subfield code="c">RUA</subfield>
  </datafield>
  <datafield tag="082" ind1=" " ind2=" ">
    <subfield code="a">AVM &#x17A0;&#x17C2;&#x1798; 1993&#x200B;&#x200B; B066 Or.1</subfield>
  </datafield>
  <datafield tag="100" ind1=" " ind2=" ">
    <subfield code="9">1778</subfield>
    <subfield code="a">&#x17A0;&#x17C2;&#x1798; &#x179C;&#x17B8;&#x179A;&#x17C8;</subfield>
  </datafield>
  <datafield tag="245" ind1=" " ind2=" ">
    <subfield code="a">&#x1787;&#x17C6;&#x1784;&#x17BA;&#x179F;&#x17C6;&#x1781;&#x17B6;&#x1793;&#x17CB;&#x17D7;&#x1793;&#x17C3;&#x1780;&#x17BC;&#x1793;&#x1787;&#x17D2;&#x179A;&#x17BC;&#x1780;&#x1787;&#x17BD;&#x1794;&#x1787;&#x17B6;&#x1789;&#x17B9;&#x1780;&#x1789;&#x17B6;&#x1794;&#x17CB;&#x1780;&#x17D2;&#x1793;&#x17BB;&#x1784;&#x1798;&#x1787;&#x17D2;&#x178D;&#x178A;&#x17D2;&#x178B;&#x17B6;&#x1793;&#x1794;&#x17D2;&#x179A;&#x1787;&#x17B6;&#x1780;&#x179F;&#x17B7;&#x1780;&#x179A;&#x1780;&#x1798;&#x17D2;&#x1796;&#x17BB;&#x1787;&#x17B6;</subfield>
  </datafield>
  <datafield tag="260" ind1=" " ind2=" ">
    <subfield code="a">Phnom Penh</subfield>
    <subfield code="b">RUA</subfield>
    <subfield code="c">1993</subfield>
  </datafield>
  <datafield tag="300" ind1=" " ind2=" ">
    <subfield code="a">65p.</subfield>
    <subfield code="b">ill.</subfield>
    <subfield code="c">29cm.</subfield>
  </datafield>
  <datafield tag="942" ind1=" " ind2=" ">
    <subfield code="2">ddc</subfield>
    <subfield code="c">AVM</subfield>
  </datafield>
  <datafield tag="999" ind1=" " ind2=" ">
    <subfield code="c">1680</subfield>
    <subfield code="d">1680</subfield>
  </datafield>
  <datafield tag="952" ind1=" " ind2=" ">
    <subfield code="0">0</subfield>
    <subfield code="1">0</subfield>
    <subfield code="2">ddc</subfield>
    <subfield code="4">0</subfield>
    <subfield code="6">AVM_&#x17A0;&#x17C2;&#x1798;_1993_B066_OR_1_000000000000000</subfield>
    <subfield code="7">0</subfield>
    <subfield code="9">7324</subfield>
    <subfield code="a">LBB</subfield>
    <subfield code="b">LBB</subfield>
    <subfield code="c">B066</subfield>
    <subfield code="d">2015-10-02</subfield>
    <subfield code="l">2</subfield>
    <subfield code="m">2</subfield>
    <subfield code="o">AVM &#x17A0;&#x17C2;&#x1798; 1993&#x200B;&#x200B; B066 Or.1</subfield>
    <subfield code="p">RUA007619</subfield>
    <subfield code="r">2016-07-11</subfield>
    <subfield code="s">2016-07-01</subfield>
    <subfield code="w">2015-10-02</subfield>
    <subfield code="y">AVM</subfield>
  </datafield>
</record>
